Algorithms on strings, trees, and sequences (Record no. 2589)

000 -LEADER
fixed length control field 00728nam a2200229 a 4500
001 - CONTROL NUMBER
control field 2589
003 - CONTROL NUMBER IDENTIFIER
control field BD-DhUET
008 - FIXED-LENGTH DATA ELEMENTS--GENERAL INFORMATION
fixed length control field 960927s1997 enka b 001 0 eng
020 ## - INTERNATIONAL STANDARD BOOK NUMBER
International Standard Book Number 0521585198
040 ## - CATALOGING SOURCE
Original cataloging agency DLC
Transcribing agency DLC
Modifying agency BD-DhUET
082 00 - DEWEY DECIMAL CLASSIFICATION NUMBER
Classification number 005.1
Item number GUS/1997
100 1# - MAIN ENTRY--PERSONAL NAME
Personal name Gusfield, Dan.
245 10 - TITLE STATEMENT
Title Algorithms on strings, trees, and sequences
Remainder of title computer science and computational biology
250 ## - EDITION STATEMENT
Edition statement Ist ed.
260 ## - PUBLICATION, DISTRIBUTION, ETC. (IMPRINT)
Place of publication, distribution, etc. New York
Name of publisher, distributor, etc. Cambridge University Press
Date of publication, distribution, etc. 1997
300 ## - PHYSICAL DESCRIPTION
Extent xviii, 534 p.
504 ## - BIBLIOGRAPHY, ETC. NOTE
Bibliography, etc Includes bibliographies
650 #0 - SUBJECT ADDED ENTRY--TOPICAL TERM
Topical term or geographic name as entry element Computer algorithms
856 41 - ELECTRONIC LOCATION AND ACCESS
Uniform Resource Identifier http://www.loc.gov/catdir/toc/cam023/96046612.html
856 42 - ELECTRONIC LOCATION AND ACCESS
Uniform Resource Identifier http://www.loc.gov/catdir/description/cam028/96046612.html
942 ## - ADDED ENTRY ELEMENTS (KOHA)
Koha item type General Book
Holdings
Copy number Date acquired Koha normalized classification for sorting Not for loan Price effective from Damaged status Shelving location Location (home branch) Withdrawn status Source of classification or shelving scheme Piece designation (barcode) Koha date last seen Lost status Sublocation or collection (holding branch) Koha item type Koha full call number
12014-09-27005_000000000000000_1GUS1997 2014-09-27 Circulation sectionCentral Library, BUET  976692014-09-27 Central Library, BUETGeneral Book005.1/GUS/1997
22015-08-19005_100000000000000_GUS_1997 2015-08-19 Circulation sectionCentral Library, BUET  976702015-08-19 Central Library, BUETGeneral Book005.1/GUS/1997
32003-06-02005_100000000000000_GUS_1997 2017-03-28 Circulation sectionCentral Library, BUET  976732017-03-28 Central Library, BUETGeneral Book005.1/GUS/1997